000 00457nam a2200181Ia 4500
001 19239
005 20260306171729.0
008 260306s9999||||xx |||||||||||||| ||und||
041 _aESP
082 _a658.81
_bW43
100 _aWellhoff, Alain
_eAUT
245 0 _aRentabilidad y gestión en el punto de venta:
_bel merchandising
260 _c2001
300 _a250 páginas :
_c24 cm.
650 _aGEN
654 _aCAN
942 _cLIB
_dJUS
_fJUS
_2ddc
_n
999 _c19239
_d19239